| 000 | 00545nam a2200169Ia 4500 | ||
|---|---|---|---|
| 008 | 090711s9999 xx 000 0 und d | ||
| 082 | _b74686 | ||
| 100 | _aखांडगे भास्कर | ||
| 245 | _aअस्वस्थ सुर्योदय | ||
| 260 | _c1993 | ||
| 300 | _a179 | ||
| 600 | _aखांडगे भास्कर | ||
| 630 | _aअस्वस्थ सुर्योदय | ||
| 700 | _aखांडगे भास्कर | ||
| 730 | _aअस्वस्थ सुर्योदय | ||
| 942 | _cBOOK | ||
| 999 |
_c293670 _d293670 |
||